Quizzes
Events
Quiz Creation
Community
Videos
Private Events
Remove Ads
Sign In
Join for FREE
Feedback
Dark Mode
Quiz Categories
Sports
Geography
Music
Movies
Television
Just For Fun
Miscellaneous
History
Literature
Language
Science
Gaming
Entertainment
Religion
Holiday
For Kids
Quiz Lab
Recent
Popular Today
Quiz Kudos Today
Editor Picks
Curator Picks
Quizzes by...
Day
Popularity
Type
Ratings
Length
Year
Community
Subscriptions
Recent Discussions
Orange Saloon
Badges
Playlists
Quests
Create
Leaderboards
Showdown
Live 5
Trivia Bingo
Activity
Puzzle Library
Sporcle Events
Private Events
Virtual Trivia
Globe League
Become a Host
Pub Owners
SporcleCon
Opinionation
Our Games
Videos
Blog
Mobile Apps
Partnerships
Remove Ads and Go Orange
Feedback
Music
Pop Music
The Beatles
Song
Album
Lyrics
Bands
Singers
Artist
Clip
Rock
Rap
Classical
Billboard
Country Music
Kpop
Taylor Swift
Music
Pop Music
The Beatles
Song
Album
Lyrics
Bands
Singers
Artist
Clip
Rock
Rap
Classical
Billboard
Country Music
Kpop
Taylor Swift
Random Quiz
Search Sporcle
×
Quiz Lab
Quiz Lab
Music
Lyrics
Type in answers that appear in a list
Type in answers that appear in a list
Classic
Best Score? Go Orange.
Fix You Lyrics - Coldplay Stats
Can you name the Fix You Lyrics - Coldplay?
By
grantkedzuch
10m
179 Questions
1,505 Plays
1,505 Plays
1,505 Plays
Comments
Comments
Give Quiz Kudos
Give Quiz Kudos
-
- Ratings
hide this ad
Replay
Link that replays current quiz
Next Quiz
Link to next quiz in quiz playlist
You Got
0%
They Got
Avg Score
92%
Avg Friend Score
Upgrade to see
Score Distribution
Jump to the score distribution portion of the page
Score
0/179
Timer
10:00
0
Plays Today
Answer
% Correct
you
99.9%
you
99.9%
you
99.9%
you
99.9%
you
99.9%
you
99.9%
you
99.9%
you
99.9%
you
99.9%
you
99.9%
you
99.9%
you
99.9%
you
99.9%
you
99.9%
you
99.9%
you
99.9%
you
99.9%
you
99.9%
you
99.9%
you
99.9%
try
99.5%
try
99.5%
try
99.5%
try
99.5%
try
99.5%
I
99.2%
I
99.2%
I
99.2%
I
99.2%
I
99.2%
I
99.2%
I
99.2%
your
99.1%
your
99.1%
your
99.1%
your
99.1%
your
99.1%
your
99.1%
your
99.1%
your
99.1%
your
99.1%
when
99.1%
when
99.1%
when
99.1%
when
99.1%
when
99.1%
when
99.1%
when
99.1%
but
98.9%
but
98.9%
but
98.9%
but
98.9%
but
98.9%
be
98.9%
best
98.7%
and
98.7%
the
98.7%
and
98.7%
and
98.7%
and
98.7%
Answer
% Correct
and
98.7%
and
98.7%
and
98.7%
and
98.7%
and
98.7%
and
98.7%
fix
98.6%
fix
98.6%
fix
98.6%
don't
98.5%
to
98.3%
to
98.3%
to
98.3%
to
98.3%
to
98.3%
will
98.3%
will
98.3%
will
98.3%
will
98.3%
will
98.3%
will
98.3%
will
98.3%
what
97.7%
what
97.7%
what
97.7%
not
97.3%
want
97.2%
need
97.2%
get
96.5%
so
96.2%
succeed
96%
can't
95.7%
can't
95.7%
in
95.5%
in
95.5%
home
94.8%
home
94.8%
home
94.8%
down
94.6%
down
94.6%
down
94.6%
down
94.6%
down
94.6%
down
94.6%
lights
94.5%
lights
94.5%
lights
94.5%
guide
94.3%
guide
94.3%
guide
94.3%
face
94.1%
face
94.1%
face
94.1%
face
94.1%
face
94.1%
tears
93.2%
tears
93.2%
tears
93.2%
tears
93.2%
tears
93.2%
Answer
% Correct
it
92.8%
it
92.8%
it
92.8%
go
91%
stream
90.4%
stream
90.4%
stream
90.4%
stream
90.4%
ignite
90.3%
ignite
90.3%
ignite
90.3%
reverse
90.2%
feel
90.1%
bones
90%
bones
90%
bones
90%
stuck
89.8%
replace
89.8%
replace
89.8%
sleep
89.5%
something
89.3%
something
89.3%
lose
88.9%
lose
88.9%
love
88.1%
love
88.1%
could
87.8%
tired
87.4%
goes
85.9%
come
85%
someone
84.8%
worse
84.8%
waste
84%
let
83.2%
streaming
82.9%
know
80.9%
you're
80.6%
you're
80.6%
if
79%
never
79%
never
79%
too
78.1%
you'll
77.2%
just
75.7%
cannot
74.7%
below
71.9%
up
71.3%
high
69.3%
worth
68.1%
above
67.9%
or
67.1%
on
65.3%
on
65.3%
on
65.3%
from
56.1%
promise
55.8%
my
55.6%
mistakes
54.5%
learn
51.4%
Quiz Playlist
Details
Report
Send in Message
Add To Playlist
Classic:
Type in answers that appear in a list
Last Updated: Mar 31, 2017
Quiz Scoreboard
CHALLENGE
Sign Up to Join the Scoreboard
Show All
Scores
Hide
Comments
May contain spoilers
Recently Published
College Basketball Coaching Resumes
by pancakes188
Sports
9m
Billboard Blitz: Fleetwood Mac
by CooCooCachoo
Music
15s
Presidents Visiting Landmarks
by Hejman
History
7m
More to Explore
Quiz From the Vault
Featured Blog Post
Where Did the Easter Bunny Come From?
hide this ad
You Might Also Like...
Tags
Lyrics Quiz
Song Quiz
Coldplay
Fix
Today's Top Quizzes in Music
Browse Music
hide this ad
Today's Top Quizzes in Lyrics
Browse Lyrics
Top Contributed Quizzes in Music
1
Taylor Swift All Songs (2024)
2
Guess the Artist- 70s Songs
3
7-to-1: Billboard Hot 100 #1 Hits of 2010s
4
Sorting Albums and Songs
5
Taylor Swift Logic Puzzle
6
KPOP LOGIC QUIZ
7
Guess the Taylor Swift song (Mystery Song)
8
One Thing in Common: Music
9
2010s Album by Cover III
10
Guess The Taylor Swift Lyrics Song #1
Explore More
Trending Topics
Marvel
NBA
Crossword
Kpop
Harry Potter
Disney
Anime
Puzzle
The Office
Pokémon
Soccer
NFL
Country
Song
WWE
hide this ad
More By:
grantkedzuch
Quiz
Plays
Rating
Category
Featured
Created
Fix You Lyrics - Coldplay
1,505
3.38
Music
Dec 12, 2016
Go to Creator's Profile
Score Distribution
Quiz Creator Spotlight
grantkedzuch
Follow
Send a Message
Quizzes Created
-
Created Quiz Play Count
-
More By This Creator
Popular Quizzes Today
1
Find the US States - No Outlines Minefield
2
Find the Countries of Europe - No Outlines Minefield
3
The Countries of the World
4
Find the US States
5
Risky Map Clicking: Biggest States A-Z
6
US States
7
Popular People in 1961
8
Movies - When Are They Set?
More Music Quizzes
Complete the Album Title... With a Picture
Published
Trending Quizzes
Risky Map Clicking: Least Populous States A-Z
1-10 Letter G Words
1-10 Letter F Words
Risky Map Clicking: Next State Alphabetically
Adjectives in 80s TV Shows
Recently Updated
Leaping Animals
pecheneg
Reality TV Shows (A-Z)
bhenderson79
Rickey Henderson's Hall of Fame Teammates
pecheneg
Champions League XIs: Arsenal
pecheneg
Quick Pick: Celebrities in WWE's Hall of Fame
aduchscher
A-Z Keypad Blitz II
pecheneg
Multiple Oscar Actors
pecheneg
Mystery Phrase Blitz: Oscar 'Best Actors'
pecheneg
F. Scott Fitzgerald Novels
LTH
Pick 3 Villains
ddd62291
Trending Topics
Disney
Anime
Harry Potter
Marvel
Crossword
NBA
Kpop
The Office
Country
NFL
Soccer
Pokémon
WWE
Puzzle
Song
Your Account Isn't Verified!
In order to create a playlist on Sporcle, you need to verify the email address you used during registration. Go to your
Sporcle Settings
to finish the process.
Report this User
Report this user for behavior that violates our
Community Guidelines
.
Details:
Send Report
Go to the Sporcle.com Mobile Site →
Comments